00310nam a2200121Ia 4500008004100000041000800041082001600049100001500065245001500080260005100095300003100146365001100177240624s9999 xx 000 0 und d aeng a658.421 BAE aBAEHR EVAN aGET BACKED c2015aNew DelhibHarvard Business Review Press axii, : 237 : p. : cm. ; 18 cRSb35